000 00606nam a22001697a 4500
020 _a9780071837798
082 _a616.5
_bFIT
245 _aFitzpatrick's Dermatology /
_cEdited by Seaon Kang; Masayuki Amagai; Anna L. Bruckner; Alexander H. Enk; David J. Margolis; Amy J. McMichael; Jeffrey S. Orringer
250 _a9th Edition.
260 _aNew York :
_bMcGraw-Hill Education,
_c2019.
300 _aVolume;
_bill,
_c28 cm.
563 _aPBK.
650 _aSkin--Diseases
_9114130
650 _aCutaneous manifestations of general diseases
_9114132
650 _aDermatology
_9114131
942 _2ddc
_cBK
999 _c595534
_d595534